| 000 | 01130pam a2200373 a 4500 | ||
|---|---|---|---|
| 001 | 4672 | ||
| 003 | FISKH | ||
| 005 | 20240920075407.0 | ||
| 008 | 941007s1995 nyua j 000 1 eng | ||
| 010 | _a 94039148 | ||
| 020 | _a0590254960 : | ||
| 020 | _a078073003990 | ||
| 040 |
_aDLC _cDLC _dDLC _beng |
||
| 050 | _aPZ8.H146 | ||
| 082 | _a277 | ||
| 100 | 1 | _aHall, Kirsten. | |
| 245 | 1 | 2 |
_aA bad, bad day / _cby Kirsten Hall ; illustrated by Laura Rader. |
| 260 |
_aNew York : _bScholastic, _c1995. |
||
| 300 |
_a30 unnumbered pages : _bcolor illustrations ; _c23 cm |
||
| 490 | _aScholastic Reader | ||
| 500 | _a"Cartwheel Books." | ||
| 500 | _a"With flash cards." | ||
| 505 | _aC | ||
| 520 | _aA young boy's day starts badly, but his mood improves when his teacher gives him a good mark on his paper. | ||
| 521 | 8 |
_a140
_bLexile |
|
| 521 | 8 |
_aC
_bRaz-Plus |
|
| 650 | 1 |
_aMood _xFiction. |
|
| 650 | 1 |
_aSchools _xFiction. |
|
| 650 | 1 | _aStories in rhyme. | |
| 700 | 1 |
_aRader, Laura, _eillustrator |
|
| 906 |
_a7 _bcbc _corignew _d1 _eocip _f19 _gy-gencatlg |
||
| 942 |
_2ddc _cBK _n0 |
||
| 999 |
_c4672 _d4672 |
||